000 00670nam a2200205 i 4500
001 13793
003 ES-MaACL
005 20230906150649.0
007 t|
008 980706s1982 sp ||||1| spa d
020 _a84-85281-32-2
080 _a1 Levinas, Emmanuel
100 1 _aVázquez Moro, Ulpiano.
_9113464
245 1 3 _aEl discurso sobre Dios en la obra de E. Levinas /
_cUlpiano Vázquez Moro.
260 _aMadrid :
_bUniversidad Pontificia Comillas,
_c1982.
300 _aXXXI, 303 p. ;
_c24 cm.
504 _aBibliografía : p. [XIII]-XXVII.
600 1 4 _aLévinas, Emmanuel-
_xCrítica e interpretación.
_971973
852 _aES-MaACL
_jL-21209
_bR.111646
999 _c13793
_d13793